KOHA-Header-6

SPSS Statistics for Dummies (Record no. 12112)

000 -LEADER
fixed length control field 00338nam a22001457a 4500
020 ## - INTERNATIONAL STANDARD BOOK NUMBER
ISBN 978-81-265-5705-9
082 ## - DEWEY DECIMAL CLASSIFICATION NUMBER
Classification number 005.55
100 ## - MAIN ENTRY--AUTHOR NAME
Personal name Keith McCormick
245 ## - TITLE STATEMENT
Title SPSS Statistics for Dummies
250 ## - EDITION STATEMENT
Edition statement 3rd edition
260 ## - PUBLICATION, DISTRIBUTION, ETC. (IMPRINT)
Place of publication New Delhi
Name of publisher Wiley Brand
Year of publication 2015
300 ## - PHYSICAL DESCRIPTION
Number of Pages 370
650 ## - SUBJECT ADDED ENTRY--TOPICAL TERM
Topical Term Computer Science
942 ## - ADDED ENTRY ELEMENTS (KOHA)
Koha item type Books
Holdings
Withdrawn status Lost status Collection code Permanent Location Current Location Shelving location Date acquired Full call number Accession Number Koha item type
    Computer Science MAJU MAJU Shelf No.A33 2019-10-29 005.55 9387 Computer Science

Powered by Koha